00933nam a22002777a 450000500170000001000130001702000220003003500130005203700160006504000120008108200150009324500810010824600060018926000460019527000130024130000200025450000200027465000270029465000280032170000280034970000220037770000260039994200240042599900190044995201870046820170124110001.0 aA-948927 c00.00a0195645812 aA-948927 bCen Lib/Ret aDPLbEN a361.1bSOC aSocial suffering /cedited by Arthur Klienman, Veena das [and] Margaret Lock b  bOxford university press aCalcutta c1997 bCalcutta a404p.c21cm(Hb) aIncludes index  aSocial science 988990 aSocial suffering915680 aKleinman, Arthur988991 aDas, Veena 99870 aLock, Margaret915681 2ddccENh361.1mSOC c125842d125842 04104070aLbLd2015-06-23eCen Lib/Retg0.00l0o361.1 SOCpA-948927r2015-06-23 00:00:00t1v0.00w2015-06-23yENzWritten off on approval by DLB (By Circulation); dtd 15-06-2023